| 000 | 00385nam a22001337a 4500 | ||
|---|---|---|---|
| 020 | _a9781119515494 | ||
| 040 | _cNUST | ||
| 082 | _a629.231 PAN | ||
| 100 |
_aPang, Jian _998946 |
||
| 245 | _aNoise and Vibration Control of Automotive Body | ||
| 260 |
_aHoboken: _bJohn Wiley & Sons, _c2019. |
||
| 650 |
_aAutomobiles-Noise.Automobiles- Vibration.NUSTTB2022 _9102800 |
||
| 942 |
_2ddc _cBK |
||
| 999 |
_c591425 _d591425 |
||